India... or Indonesia? - Statistics

General Stats
  • This quiz has been taken 3,198 times
    3,192 since last reset
  • The average score is 10 of 14
Answer Stats
Question Answer % Correct
Jakarta is its capital Indonesia
99%
Is an island country Indonesia
95%
Originally conjoined with Pakistan India
94%
Gained its independence from the British in 1947 India
92%
Its second largest city is Surabaya Indonesia
92%
Has the fastest growing population rate in the world India
90%
Has territory in the Himalayas India
89%
Has a higher Gross Domestic Product (GDP) of the two India
69%
Has over 700 regional languages Indonesia
64%
Larger in area of the two India
58%
Participated in the spice trade Both
50%
It receives most of its imports from China Both
34%
Has a higher rate of poverty of the two Indonesia
28%
The majority of its population works in the occupation of agriculture India
16%
No matching quizzes found
Score Distribution
Percent of People with Each Score
Percentile by Number Answered
Your Score History
You have not taken this quiz since the last reset